Vybrané technické inovácie pre udržateľné životné prostredie /

Guardado en:
Detalles Bibliográficos
Autor principal: Flimel, Marián (Autor)
Formato: Libro
Lenguaje:eslovaco
Publicado: Brno : Tribun EU s.r.o., 2019
Edición:1. vydanie
Etiquetas: Agregar Etiqueta
Sin Etiquetas, Sea el primero en etiquetar este registro!

MARC

LEADER 00000nam a22000003a 4500
001 0084730
003 SK-STU
005 20201126105256.5
007 ta
008 201126s ----xo-----e------000-0-----d
020 |a 978-80-553-3432-5 
040 |a STU  |b slo 
041 0 |a slo 
044 |a xo 
080 |a 620.97 
100 1 |a Flimel, Marián  |4 aut 
245 1 0 |a Vybrané technické inovácie pre udržateľné životné prostredie /  |c aut. Marián Flimel 
250 |a 1. vydanie 
260 |a Brno :  |b Tribun EU s.r.o.,  |c 2019 
300 |a 103 s. 
996 |b 284EK90222  |c E* 90222  |l EE01  |s A  |a 24  |w 0084730_0001